[Event "237th Championchallenge"]
[Site "playchess.com "]
[Date "2008.02.09"]
[Round "5.3"]
[White "Amin, Bassem"]
[Black "Galkin, Alexander"]
[Result "0-1"]
[WhiteElo "2550"]
[BlackElo "2583"]
[PlyCount "206"]
[EventDate "2008.02.09"]
[EventType "k.o. (blitz)"]
[EventCountry "GER"]

1. e4 c6 2. d3 d5 3. Nd2 e5 4. Ngf3 Bd6 5. d4 exd4 6. exd5 cxd5 7. Nb3 Nc6 8.
Nfxd4 Nf6 9. Be2 O-O 10. O-O h6 11. h3 Re8 12. c3 a6 13. Bd3 Qc7 14. Bc2 Ne4
15. Nf3 Be6 16. Nbd4 Rad8 17. Re1 Bc8 18. Be3 Na5 19. Qd3 Nc4 20. Bc1 b5 21. a3
Re7 22. b3 Nb6 23. Bb2 Rde8 24. Re2 Nd7 25. Nf5 Re6 26. Qxd5 Bb7 27. Qd4 Bf8
28. Rd1 Ndf6 29. Qd3 Nc5 30. Rxe6 Nxd3 31. Rxe8 Nxb2 32. Ne7+ Qxe7 33. Rxe7
Bxe7 34. Ra1 Bxf3 35. gxf3 Nd5 36. Ra2 Nxc3 37. Rxb2 Bxa3 38. Rb1 Nxb1 39. Bxb1
Kf8 40. Be4 Bc5 41. Bb7 a5 42. Bc6 a4 43. bxa4 b4 44. Bd5 f6 45. Kf1 Ke7 46.
Ke2 Kd6 47. Bb3 Ke5 48. a5 Kf4 49. a6 Kg5 50. Kf1 Ba7 51. Bc4 Kf4 52. Ke2 Ke5
53. Bb3 Kf5 54. Bc2+ Kg5 55. Kf1 Kf4 56. Ke2 Bb6 57. Bb3 Ke5 58. Ba4 Kd4 59.
Kd2 Kc4 60. Kc2 Bxf2 61. Be8 Bb6 62. Bf7+ Kb5 63. Kb3 Bc5 64. Bc4+ Kc6 65. Bd3
Kd5 66. Be4+ Kd4 67. Bc6 g5 68. Bd7 Kd3 69. Bc6 h5 70. Be8 h4 71. Bc6 Ke3 72.
Bb7 Kf4 73. Kc4 Ba7 74. Kxb4 Kg3 75. Bc8 Kxf3 76. Kb5 Kf4 77. Kc4 f5 78. Kd3 g4
79. hxg4 fxg4 80. Ke2 h3 81. Kf1 Kg3 82. Bd7 Bb6 83. Bc8 Kh4 84. Bd7 g3 85. Bc6
Kg4 86. Bd7+ Kh4 87. Bc6 Kg5 88. Bb7 Kf4 89. Bc6 Ke5 90. Bb7 Kd6 91. Bf3 Kc5
92. Bb7 Kb5 93. Be4 Kxa6 94. Bf3 Kb5 95. Be4 Kc5 96. Bf3 Kd6 97. Bb7 Kc7 98.
Ba8 Kb8 99. Bf3 Kc7 100. Be4 Bc5 101. Bf3 Kb6 102. Be4 Kb5 103. Bf3 Kc4 0-1

[Event "234th Championchallenge"]
[Site "playchess.com "]
[Date "2008.01.19"]
[Round "2.1"]
[White "Plaskett, Jim"]
[Black "Livshits, Gaby"]
[Result "1-0"]
[WhiteElo "2500"]
[BlackElo "2706"]
[PlyCount "113"]
[EventDate "2008.01.19"]
[EventType "tourn (blitz)"]
[EventCountry "GER"]

1. d4 Nf6 2. Nf3 g6 3. Bf4 Bg7 4. e3 O-O 5. Be2 d6 6. O-O Nbd7 7. c4 Qe8 8. h3
e5 9. Bh2 Qe7 10. Nc3 c6 11. b4 Re8 12. c5 dxc5 13. dxe5 cxb4 14. exf6 Qxf6 15.
Na4 Qxa1 16. Qxa1 Bxa1 17. Rxa1 b5 18. Nb2 Bb7 19. Rc1 a6 20. Nd3 Rac8 21. Nxb4
c5 22. Nd3 c4 23. Nf4 Nc5 24. Nd4 Rcd8 25. Kf1 Kg7 26. g4 h6 27. h4 Ne4 28. f3
Nf6 29. Kf2 Re7 30. a4 Rde8 31. g5 hxg5 32. hxg5 Nh7 33. axb5 Rxe3 34. Bxc4
Nxg5 35. Ng2 Ra3 36. Bd6 Ra4 37. b6 Rc8 38. Bc7 a5 39. Nf4 Ra3 40. Bd5 Bxd5 41.
Nxd5 Ra2+ 42. Kg3 Rb2 43. Rc5 Ne6 44. Rb5 Rxb5 45. Nxb5 Nc5 46. Nd6 Rh8 47. b7
Nxb7 48. Nxb7 Rh5 49. Nc3 Rg5+ 50. Kf2 a4 51. Nxa4 Rb5 52. Nbc5 Rb4 53. Kg3 f6
54. Bd6 g5 55. Ne6+ Kf7 56. Nxg5+ fxg5 57. Bxb4 1-0

[Event "234th Championchallenge"]
[Site "playchess.com "]
[Date "2008.01.19"]
[Round "2.2"]
[White "Jegorovas, Aleksandras"]
[Black "Khusnutdinov, Ruslan"]
[Result "1/2-1/2"]
[WhiteElo "2300"]
[BlackElo "2512"]
[PlyCount "155"]
[EventDate "2008.01.19"]
[EventType "tourn (blitz)"]
[EventCountry "GER"]

1. e4 c5 2. Nf3 d6 3. d4 cxd4 4. Nxd4 Nf6 5. Nc3 a6 6. Be3 e6 7. Be2 Be7 8. O-O
Qc7 9. Kh1 O-O 10. a4 Nc6 11. Nb3 b6 12. f4 Rb8 13. g4 Re8 14. g5 Nd7 15. Qe1
Na5 16. Qh4 Bb7 17. Bd3 g6 18. Rf3 Nxb3 19. cxb3 Nc5 20. Bc2 h5 21. b4 Nxe4 22.
Bxe4 d5 23. f5 dxe4 24. fxg6 fxg6 25. Rf6 Bxf6 26. gxf6 Qe5 27. f7+ Kxf7 28.
Rf1+ Kg8 29. Rf6 Kg7 30. Qf2 Rf8 31. Rxf8 Rxf8 32. Bh6+ Kxh6 33. Qxf8+ Qg7 34.
Qf4+ Kh7 35. Nxe4 g5 36. Qf3 g4 37. Qf4 Qg6 38. Qc7+ Qg7 39. Qf4 Bxe4+ 40.
Qxe4+ Qg6 41. Qb7+ Kh6 42. Qxb6 Qb1+ 43. Kg2 Qxb2+ 44. Kg1 Qc1+ 45. Kg2 Qd2+
46. Kg1 Qe1+ 47. Kg2 Qe2+ 48. Kg1 h4 49. Qf2 Qd1+ 50. Kg2 Qd5+ 51. Kg1 Kg5 52.
Qe3+ Kh5 53. Qf2 Qd1+ 54. Qf1 Qd4+ 55. Qf2 Qd1+ 56. Qf1 Qd7 57. b5 h3 58. bxa6
Qd4+ 59. Qf2 Qd1+ 60. Qf1 Qd4+ 61. Qf2 Qxa4 62. Qf7+ Kg5 63. Qg7+ Kf5 64. Qf7+
Ke5 65. Qg7+ Kf5 66. Qh7+ Kg5 67. Qg7+ Kh5 68. Qe5+ Kg6 69. Qxe6+ Kg5 70. Qe5+
Kg6 71. Qd6+ Kg5 72. Qc5+ Kg6 73. Qb6+ Kg5 74. Qc5+ Kg6 75. Qd6+ Kg5 76. Qe5+
Kg6 77. Qe6+ Kg5 78. Qe5+ 1/2-1/2

[Event "234th Championchallenge"]
[Site "playchess.com "]
[Date "2008.01.19"]
[Round "2.3"]
[White "Popovic, Dusan"]
[Black "Novoselski, Zoran"]
[Result "0-1"]
[WhiteElo "2564"]
[BlackElo "2648"]
[PlyCount "124"]
[EventDate "2008.01.19"]
[EventType "tourn (blitz)"]
[EventCountry "GER"]

1. e4 e5 2. Nf3 Nc6 3. Bb5 Bc5 4. c3 Nf6 5. d3 Bb6 6. O-O O-O 7. Be3 d6 8. h3
h6 9. Nbd2 Nh7 10. Bxc6 bxc6 11. d4 Ba6 12. Re1 Qe7 13. a4 exd4 14. cxd4 Ba5
15. Qc2 Rab8 16. Rec1 Nf6 17. e5 Nd5 18. Qxc6 Bb7 19. Qc2 Nxe3 20. fxe3 Bxd2
21. Qxd2 Bxf3 22. gxf3 dxe5 23. d5 Qg5+ 24. Kh2 Rb3 25. Rc3 Rfb8 26. Rxb3 Rxb3
27. Re1 e4 28. f4 Qf6 29. Re2 Rd3 30. Qc2 Qd6 31. Qc4 Qxd5 32. Qxc7 Qh5 33.
Qc8+ Kh7 34. Qg4 Qc5 35. Qg3 g6 36. Qf2 Qb4 37. f5 g5 38. f6 Kg6 39. Qg3 Qd6
40. Qxd6 Rxd6 41. Rc2 Rxf6 42. Rc4 Re6 43. b4 f5 44. Kg3 h5 45. h4 Rd6 46. hxg5
Kxg5 47. Rc7 h4+ 48. Kh3 Rd3 49. Rg7+ Kf6 50. Rxa7 Rxe3+ 51. Kxh4 f4 52. b5 f3
53. Kg3 Re2 54. Ra8 Rg2+ 55. Kh3 Rg7 56. Rf8+ Ke5 57. b6 Kd4 58. a5 Kc5 59.
Rf5+ Kc6 60. Rf4 Re7 61. Rf6+ Kb7 62. Kg3 e3 0-1

[Event "234th Championchallenge"]
[Site "playchess.com "]
[Date "2008.01.19"]
[Round "2.2"]
[White "Livshits, Gaby"]
[Black "Plaskett, Jim"]
[Result "1-0"]
[WhiteElo "2450"]
[BlackElo "2500"]
[PlyCount "67"]
[EventDate "2008.01.19"]
[EventType "tourn (blitz)"]
[EventCountry "GER"]

1. e4 c5 2. Nc3 d6 3. f4 Nc6 4. Nf3 e6 5. g3 Nf6 6. Bg2 Qc7 7. O-O a6 8. a4 Be7
9. h3 b6 10. g4 Bb7 11. d3 d5 12. exd5 Nxd5 13. Nxd5 exd5 14. f5 O-O-O 15. c3
h5 16. g5 Bd6 17. Bd2 Rde8 18. Rc1 Kb8 19. b4 Re7 20. b5 axb5 21. axb5 Ne5 22.
Nxe5 Rxe5 23. Qf3 Bc8 24. Rce1 Rxf5 25. Qxf5 Bxf5 26. Rxf5 Rd8 27. Ref1 f6 28.
gxf6 gxf6 29. Bxd5 Qg7+ 30. Bg2 Rg8 31. R1f2 Qg3 32. Rxf6 Qxd3 33. Rxd6 Qxh3
34. Rd8+ 1-0

[Event "242th Championchallenge"]
[Site "playchess.com "]
[Date "2008.03.15"]
[Round "3.1"]
[White "Drozdovskij, Yuri"]
[Black "Nestorovic, Nikola"]
[Result "0-1"]
[WhiteElo "2625"]
[BlackElo "2400"]
[PlyCount "170"]
[EventDate "2008.03.15"]
[EventType "k.o. (blitz)"]
[EventCountry "GER"]

1. d4 Nf6 2. c4 e6 3. Nc3 Bb4 4. Qc2 c5 5. dxc5 Qc7 6. Nf3 Bxc5 7. g3 a6 8. Bg2
h6 9. Bf4 d6 10. O-O Nc6 11. Rad1 e5 12. Bc1 Be6 13. b3 O-O 14. Nh4 Rac8 15.
Nf5 Nd4 16. Nxd4 Bxd4 17. e3 Bxc3 18. Qxc3 d5 19. Ba3 Rfd8 20. Qb4 a5 21. Qe7
Rd7 22. cxd5 Bxd5 23. Qxf6 Bxg2 24. Qf5 Rxd1 25. Rxd1 Bc6 26. Bd6 Rd8 27. Qd3
Qd7 28. e4 Qe6 29. f3 f5 30. exf5 Qf6 31. Qc4+ Kh7 32. Qe6 Qg5 33. f4 exf4 34.
Qg6+ Qxg6 35. fxg6+ Kxg6 36. gxf4 Kf5 37. Rd4 Re8 38. Be5 g5 39. Rc4 gxf4 40.
Bxf4 Re2 41. Bxh6 Rg2+ 42. Kf1 Rxh2 43. a3 Rxh6 44. Rc5+ Ke4 45. Rxa5 Rh2 46.
b4 Rb2 47. Rc5 Kf3 48. Rc3+ Ke4 49. Ke1 Kd4 50. Rg3 Kc4 51. Kd1 Rb3 52. Rg4+
Kd3 53. Rg3+ Kc4 54. Rg4+ Kb5 55. Kc2 Rxa3 56. Kb2 Rf3 57. Rg5+ Kb6 58. Rg4 Bb5
59. Ka2 Rf6 60. Ka3 Rc6 61. Rg5 Rc4 62. Kb2 Rc6 63. Rg6 Bc4 64. Rg5 Rd6 65. Re5
Bb5 66. Re3 Bc6 67. Re5 Rd5 68. Re6 Rb5 69. Rf6 Rxb4+ 70. Kc3 Rb5 71. Rf3 Rc5+
72. Kd4 Rd5+ 73. Ke3 Rc5 74. Kf4 Rc3 75. Rg3 Rf3+ 76. Kg5 Kc5 77. Kg6 Rxg3+ 78.
Kf7 Rf3+ 79. Ke7 Re3+ 80. Kd8 Re4 81. Kc7 Rd4 82. Kb8 b5 83. Ka7 b4 84. Kb8 Rd7
85. Kc8 Rb7 0-1

[Event "242th Championchallenge"]
[Site "playchess.com "]
[Date "2008.03.15"]
[Round "3.2"]
[White "Nestorovic, Nikola"]
[Black "Drozdovskij, Yuri"]
[Result "0-1"]
[WhiteElo "2400"]
[BlackElo "2625"]
[PlyCount "64"]
[EventDate "2008.03.15"]
[EventType "k.o. (blitz)"]
[EventCountry "GER"]

1. d4 Nf6 2. Nf3 d5 3. e3 c5 4. b3 cxd4 5. exd4 Nc6 6. a3 Bf5 7. Bd3 Bxd3 8.
Qxd3 e6 9. Bb2 g6 10. Nbd2 Bg7 11. O-O O-O 12. c4 a6 13. c5 Nd7 14. b4 b5 15.
Rfe1 Qc7 16. Bc3 Qb7 17. a4 bxa4 18. Rxa4 Qb5 19. Qc2 Ra7 20. Rea1 Rfa8 21. Nb3
Nf6 22. Nbd2 Ne8 23. h3 Nc7 24. Nb3 Qb7 25. Qd3 Nb5 26. Bd2 Qd7 27. Be3 f6 28.
Bd2 e5 29. Nh2 e4 30. Qe3 f5 31. Bc3 f4 32. Qxf4 Nxc3 0-1

[Event "242th Championchallenge"]
[Site "playchess.com "]
[Date "2008.03.15"]
[Round "3.3"]
[White "Drozdovskij, Yuri"]
[Black "Nestorovic, Nikola"]
[Result "0-1"]
[WhiteElo "2625"]
[BlackElo "2400"]
[PlyCount "64"]
[EventDate "2008.03.15"]
[EventType "k.o. (blitz)"]
[EventCountry "GER"]

1. d4 Nf6 2. c4 e6 3. Nc3 Bb4 4. Qc2 c5 5. dxc5 Qc7 6. Nf3 Bxc5 7. e3 a6 8. Bd3
Be7 9. b3 d6 10. Bb2 Nbd7 11. g4 Nxg4 12. Rg1 Nge5 13. Nxe5 Nxe5 14. Rxg7 Bf6
15. Rg3 Nxd3+ 16. Qxd3 Bd7 17. Nd5 Qa5+ 18. b4 Bxb2 19. bxa5 Bxa1 20. Nc7+ Ke7
21. Nxa8 Rxa8 22. Qxh7 Rh8 23. Qb1 Bc3+ 24. Ke2 Bc6 25. Qg1 Rh4 26. Rg4 Rh3 27.
Rg8 Rh5 28. Rb8 Rxa5 29. Qg8 Rxa2+ 30. Kd3 Ba5 31. Qg5+ Kd7 32. Qf6 Rd2# 0-1

[Event "242th Championchallenge"]
[Site "playchess.com "]
[Date "2008.03.15"]
[Round "4.1"]
[White "Nestorovic, Nikola"]
[Black "Volkov, Sergey"]
[Result "1/2-1/2"]
[WhiteElo "2400"]
[BlackElo "2629"]
[PlyCount "188"]
[EventDate "2008.03.15"]
[EventType "k.o. (blitz)"]
[EventCountry "GER"]

1. e4 e6 2. d4 d5 3. Nc3 Nf6 4. Bg5 Bb4 5. e5 h6 6. Be3 Ne4 7. Qg4 Kf8 8. a3
Bxc3+ 9. bxc3 Nxc3 10. Bd3 Nc6 11. Nf3 Ne7 12. O-O Bd7 13. Bd2 Na4 14. Rab1 Nb6
15. Nh4 g5 16. Nf3 Nf5 17. h4 gxh4 18. Bb4+ Ne7 19. Qxh4 a5 20. Bc5 Na4 21. Qf6
Rg8 22. Qxh6+ Ke8 23. Ng5 Nf5 24. Bxf5 Qxg5 25. Qxg5 Rxg5 26. Bd3 Nxc5 27. f4
Rg4 28. dxc5 Bc6 29. Be2 Rg3 30. Bf3 d4 31. Kf2 Rxf3+ 32. gxf3 Rd8 33. Rh1 Rd5
34. Rbg1 Rxc5 35. Rg7 Rc3 36. Rh8+ Ke7 37. Rc8 Rxf3+ 38. Ke2 Rxf4 39. Rxc7+ Kf8
40. Rg5 Bb5+ 41. Kd2 Rf2+ 42. Kc1 Bc6 43. Rh5 Be4 44. Rh4 Re2 45. Rc4 Bd5 46.
Rc8+ Kg7 47. Rxd4 Rxe5 48. c4 Bc6 49. Kd2 f5 50. Rh4 Re4 51. Rxe4 Bxe4 52. Ke3
Kf6 53. Ra8 e5 54. Rxa5 Bc6 55. Rc5 f4+ 56. Kf2 e4 57. a4 Bxa4 58. Rc7 Bc6 59.
Rh7 Ke5 60. Rh4 Kf5 61. Rh8 Ke5 62. Rh4 Bd7 63. Rh5+ Kd4 64. Rh4 e3+ 65. Kf3
Kd3 66. Kxf4 e2 67. Rh1 Kd2 68. Rh2 Kd1 69. Rxe2 Kxe2 70. Ke5 Bc6 71. Kd6 Kd3
72. c5 Kc4 73. Ke5 Kxc5 74. Kf4 b5 75. Ke3 b4 76. Kd2 Kc4 77. Kc1 b3 78. Kb2
Kb4 79. Kb1 Kc3 80. Kc1 b2+ 81. Kd1 Be4 82. Ke2 b1=Q 83. Ke3 Bc2 84. Kf4 Qc1+
85. Ke5 Qd1 86. Kf4 Kc4 87. Kg5 Qd3 88. Kf4 Qe4+ 89. Kg5 Kd5 90. Kf6 Kd6 91.
Kg5 Qf3 92. Kh6 Ke5 93. Kg7 Qg2+ 94. Kh8 Kd6 1/2-1/2

[Event "242th Championchallenge"]
[Site "playchess.com "]
[Date "2008.03.15"]
[Round "4.2"]
[White "Volkov, Sergey"]
[Black "Nestorovic, Nikola"]
[Result "1-0"]
[WhiteElo "2629"]
[BlackElo "2400"]
[PlyCount "45"]
[EventDate "2008.03.15"]
[EventType "k.o. (blitz)"]
[EventCountry "GER"]

1. d4 Nf6 2. c4 e6 3. Nc3 Bb4 4. f3 d5 5. a3 Bxc3+ 6. bxc3 c5 7. cxd5 exd5 8.
e3 O-O 9. Bd3 b6 10. Ne2 Ba6 11. O-O Bxd3 12. Qxd3 c4 13. Qc2 Re8 14. Ng3 Nc6
15. e4 dxe4 16. Bg5 h6 17. Bxf6 Qxf6 18. fxe4 Qg6 19. Qa4 Na5 20. Rf2 h5 21. e5
a6 22. Raf1 Ra7 23. Qxe8+ 1-0

[Event "242th Championchallenge"]
[Site "playchess.com "]
[Date "2008.03.15"]
[Round "4.3"]
[White "Nestorovic, Nikola"]
[Black "Volkov, Sergey"]
[Result "1-0"]
[WhiteElo "2400"]
[BlackElo "2629"]
[PlyCount "77"]
[EventDate "2008.03.15"]
[EventType "k.o. (blitz)"]
[EventCountry "GER"]

1. e4 e6 2. d4 d5 3. Nc3 Nf6 4. Bg5 Bb4 5. e5 h6 6. Be3 Ne4 7. Qg4 Kf8 8. a3
Bxc3+ 9. bxc3 Nxc3 10. Bd3 Nc6 11. Nf3 Bd7 12. O-O Ne7 13. Bd2 Ne4 14. Bxe4
dxe4 15. Qxe4 Bc6 16. Qf4 Qd5 17. Bb4 a5 18. Bxe7+ Kxe7 19. Rfc1 Rhd8 20. c4
Qe4 21. Qg3 Kf8 22. Re1 Qf5 23. d5 exd5 24. e6 Re8 25. Nd4 Qg6 26. Qxc7 fxe6
27. Re3 Kg8 28. Rae1 dxc4 29. Rg3 Qf7 30. Qe5 Rad8 31. h4 Rd5 32. Qe3 e5 33.
Nxc6 bxc6 34. Qxh6 c3 35. Qxc6 Rd2 36. Rf3 Qd7 37. Qxc3 Qd4 38. Qxa5 Qxh4 39.
Qxd2 1-0

[Event "242th Championchallenge"]
[Site "playchess.com "]
[Date "2008.03.15"]
[Round "4.4"]
[White "Volkov, Sergey"]
[Black "Nestorovic, Nikola"]
[Result "0-1"]
[WhiteElo "2629"]
[BlackElo "2400"]
[PlyCount "182"]
[EventDate "2008.03.15"]
[EventType "k.o. (blitz)"]
[EventCountry "GER"]

1. d4 Nf6 2. c4 c5 3. d5 b5 4. Nf3 b4 5. Qc2 d6 6. e4 g6 7. a3 a5 8. axb4 cxb4
9. Bd2 Bb7 10. c5 dxc5 11. Qxc5 Bg7 12. Qb5+ Qd7 13. Ne5 Qxb5 14. Bxb5+ Kf8 15.
f3 Nxd5 16. Nc4 Nc7 17. Ba4 Nc6 18. Bxc6 Bxc6 19. Rxa5 Rxa5 20. Nxa5 Bb5 21.
Bxb4 Bxb2 22. Bc3 Bxc3+ 23. Nxc3 Kg7 24. Kf2 Ra8 25. Ra1 Bd7 26. Nb3 Rb8 27.
Rb1 Ne6 28. Nd5 Kf8 29. Nd2 Rd8 30. Rb2 Bc6 31. Nb4 Be8 32. Nd5 Nc5 33. Rc2
Nd3+ 34. Kg1 e6 35. Nf6 Ra8 36. h3 h5 37. Nxe8 Kxe8 38. Rc3 Nf4 39. Rc2 h4 40.
Nf1 Ra1 41. Kf2 Ke7 42. Ne3 Nd3+ 43. Ke2 Nf4+ 44. Kf2 Kf6 45. Ng4+ Kg7 46. e5
Ra5 47. Rd2 Nd5 48. Rc2 g5 49. Rd2 Ra3 50. Rc2 Kg6 51. Rd2 Rc3 52. Rb2 Nf4 53.
Rd2 Nd3+ 54. Ke2 Nf4+ 55. Kf2 Rc5 56. Ra2 Nd3+ 57. Ke3 Nxe5 58. Nxe5+ Rxe5+ 59.
Kf2 Rc5 60. Re2 Kf6 61. Ra2 Kf5 62. Re2 e5 63. Ra2 f6 64. Re2 Rc4 65. Ra2 Kf4
66. Re2 f5 67. Ra2 g4 68. fxg4 fxg4 69. hxg4 Kxg4 70. Ra8 Rc2+ 71. Kg1 Kf4 72.
Rh8 Kg3 73. Rg8+ Kf4 74. Rh8 Ke3 75. Rxh4 e4 76. Kh2 Kd3 77. Rh8 e3 78. Rd8+
Ke4 79. Kg3 Rf2 80. Re8+ Kd3 81. Kh3 Rf7 82. g4 Ke2 83. g5 Kf3 84. g6 Rf6 85.
Rf8 Rxf8 86. g7 Rg8 87. Kh4 Rxg7 88. Kh5 Rg2 89. Kh6 e2 90. Kh5 e1=Q 91. Kh6
Qh1# 0-1

[Event "246th Championchallenge"]
[Site "playchess.com "]
[Date "2008.04.12"]
[Round "1.1"]
[White "Kononenko, Dmitry"]
[Black "Mosnegutu, Mariana"]
[Result "1-0"]
[WhiteElo "2566"]
[BlackElo "2229"]
[PlyCount "89"]
[EventDate "2008.04.12"]
[EventType "k.o. (blitz)"]
[EventCountry "GER"]

1. d4 Nf6 2. c4 e6 3. Nc3 Bb4 4. Qc2 c5 5. dxc5 Qa5 6. Bd2 Na6 7. a3 Nxc5 8.
Rd1 Bxc3 9. Bxc3 Qa4 10. Qxa4 Nxa4 11. Bd4 b6 12. f3 Ba6 13. e4 Rc8 14. Bd3
Bxc4 15. Bxc4 Rxc4 16. b3 Rxd4 17. Rxd4 Nc5 18. b4 e5 19. Rc4 Ne6 20. Ne2 Ke7
21. Kf2 d5 22. exd5 Nxd5 23. Rhc1 Rd8 24. Rd1 Rd7 25. Nc3 Nxc3 26. Rxd7+ Kxd7
27. Rxc3 f5 28. g4 g6 29. Ke3 Nd4 30. gxf5 gxf5 31. f4 Nb5 32. Rd3+ Ke6 33.
fxe5 Kxe5 34. Rd7 Nxa3 35. Re7+ Kf6 36. Rxa7 Nc2+ 37. Kf3 Nxb4 38. Rxh7 Nd5 39.
Rh6+ Kg5 40. Rd6 Nf6 41. Rxb6 Ng4 42. Kg3 f4+ 43. Kg2 Kh4 44. Rb4 f3+ 45. Kxf3
1-0

[Event "246th Championchallenge"]
[Site "playchess.com "]
[Date "2008.04.12"]
[Round "1.1"]
[White "Amin, Bassem"]
[Black "Gatterer, Florian"]
[Result "1-0"]
[WhiteElo "2550"]
[BlackElo "2424"]
[PlyCount "135"]
[EventDate "2008.04.12"]
[EventType "k.o. (blitz)"]
[EventCountry "GER"]

1. e4 c6 2. d4 d5 3. exd5 cxd5 4. c4 Nf6 5. Nc3 e6 6. Nf3 Bb4 7. cxd5 Nxd5 8.
Bd2 O-O 9. Bd3 Nc6 10. O-O Be7 11. Re1 Bf6 12. Nxd5 exd5 13. Qc2 h6 14. Bc3 Bg4
15. Ne5 Bxe5 16. dxe5 Re8 17. f4 Rc8 18. Qb3 Qd7 19. Rf1 d4 20. Bd2 Be6 21. Qd1
Bd5 22. Qh5 Qe7 23. Qf5 g6 24. Qh3 h5 25. Rae1 Qc5 26. f5 Nxe5 27. fxg6 fxg6
28. Rc1 Bc4 29. Bxc4+ Nxc4 30. b3 Nxd2 31. Rxc5 Rxc5 32. Rd1 Ne4 33. Qd7 Rce5
34. Qxd4 Nf6 35. h3 b6 36. Qc4+ Kg7 37. Rf1 Ne4 38. Kh2 R8e7 39. Qd4 Kh7 40.
Re1 Kh6 41. Re3 Kh7 42. Rf3 Kh6 43. Qd8 Re8 44. Qd4 Ng5 45. Rf6 R5e6 46. Rxe6
Rxe6 47. Qh8+ Nh7 48. Kg3 Rf6 49. Qa8 Rf5 50. Qxa7 Rg5+ 51. Kh2 Rf5 52. Qxb6
Ng5 53. Qe3 h4 54. Qd4 Kh5 55. Qg4+ Kh6 56. Qxh4+ Kg7 57. Qd4+ Rf6 58. h4 Kf7
59. hxg5 Re6 60. Qd5 Ke7 61. Qc5+ Kd7 62. Qc2 Rd6 63. Qe4 Rc6 64. Qg4+ Kc7 65.
b4 Kb7 66. b5 Rb6 67. Qg3 Ka7 68. Qf3 1-0

[Event "246th Championchallenge"]
[Site "playchess.com "]
[Date "2008.04.12"]
[Round "1.1"]
[White "Plaskett, Jim"]
[Black "Feoktistov, Alexey A"]
[Result "0-1"]
[WhiteElo "2500"]
[BlackElo "2511"]
[PlyCount "168"]
[EventDate "2008.04.12"]
[EventType "k.o. (blitz)"]
[EventCountry "GER"]

1. e4 e6 2. d4 d5 3. Nd2 dxe4 4. Nxe4 Nd7 5. Nf3 Ngf6 6. Nxf6+ Nxf6 7. Bg5 Be7
8. Bd3 O-O 9. Qe2 Qd5 10. c4 Qa5+ 11. Kf1 h6 12. h4 Re8 13. Bd2 Qh5 14. Kg1 Bd7
15. Re1 Rad8 16. Bc3 b6 17. b4 Bc6 18. Ne5 Qxe2 19. Rxe2 Bb7 20. Rh3 c5 21.
dxc5 bxc5 22. b5 a6 23. a4 axb5 24. axb5 Ra8 25. Rg3 Ra3 26. Bb2 Ra2 27. Bb1
Ra4 28. Nxf7 Kxf7 29. Bg6+ Kf8 30. Rxe6 Rd8 31. Bc2 Rxc4 32. Rxg7 Kxg7 33.
Rxe7+ Kf8 34. Bxf6 Rxc2 35. Rxb7 Rd1+ 36. Kh2 Rxf2 37. Bg7+ Ke8 38. Bxh6 Rd4
39. Bg5 Rg4 40. Re7+ Kf8 41. Rc7 Rfxg2+ 42. Kh1 c4 43. Rxc4 Rxc4 44. Kxg2 Rb4
45. Kg3 Kf7 46. Kf3 Kg6 47. Ke3 Kf5 48. Kd3 Rxb5 49. Kc4 Re5 50. Kd4 Re8 51.
Kd5 Re1 52. Kd6 Rd1+ 53. Ke7 Rd5 54. Kf7 Rd7+ 55. Be7 Kg4 56. Ke6 Rd4 57. Bg5
Re4+ 58. Kf6 Re8 59. Kg6 Rg8+ 60. Kf7 Rh8 61. Kf6 Kh5 62. Kg7 Rb8 63. Kf6 Rb7
64. Kf5 Rf7+ 65. Ke6 Rf3 66. Ke5 Kg6 67. Ke6 Rf2 68. Ke7 Re2+ 69. Kd6 Kf5 70.
Kd5 Re1 71. Kc6 Rd1 72. Kc7 Ke6 73. Kc6 Rd7 74. Kc5 Rd5+ 75. Kc4 Ke5 76. Kc3
Ke4 77. Kc2 Rc5+ 78. Kb3 Kd3 79. Kb4 Rd5 80. Kb3 Rb5+ 81. Ka4 Kc4 82. Bd2 Rb2
83. Bc1 Rb8 84. Ka3 Kc3 0-1

[Event "246th Championchallenge"]
[Site "playchess.com "]
[Date "2008.04.12"]
[Round "1.1"]
[White "Nestorovic, Nikola"]
[Black "Livshits, Gaby"]
[Result "0-1"]
[WhiteElo "2400"]
[BlackElo "2560"]
[PlyCount "94"]
[EventDate "2008.04.12"]
[EventType "k.o. (blitz)"]
[EventCountry "GER"]

1. e4 c5 2. Nf3 e6 3. c4 Nc6 4. Nc3 e5 5. Nd5 g6 6. g3 Bg7 7. Bg2 Nge7 8. O-O
O-O 9. d3 d6 10. a3 a5 11. Rb1 a4 12. Nc3 Qa5 13. Bd2 h6 14. Ne1 Nd4 15. Nb5
Qd8 16. Nxd4 exd4 17. f4 f5 18. Qe2 Kh7 19. Nf3 fxe4 20. dxe4 Be6 21. Rbc1 Qd7
22. Nh4 Bh3 23. Qd3 Bxg2 24. Kxg2 Rab8 25. Rf2 b5 26. Be1 bxc4 27. Qxc4 d5 28.
Qc2 dxe4 29. Qxe4 Nf5 30. Nxf5 gxf5 31. Qf3 Rfc8 32. Rfc2 Rb3 33. Qh5 c4 34.
Bb4 d3 35. Rf2 Rxb2 36. Rxb2 Bxb2 37. Re1 Bf6 38. g4 d2 39. Rd1 c3 40. g5 Bg7
41. gxh6 Bd4 42. Kh3 Rg8 43. Rf1 Rg6 44. Bf8 Qf7 45. Bg7 Rg3+ 46. Kh4 Rg4+ 47.
Qxg4 fxg4 0-1

[Event "246th Championchallenge"]
[Site "playchess.com "]
[Date "2008.04.12"]
[Round "1.1"]
[White "Vovk, Yuri"]
[Black "Sevastopoulos, Vasilis"]
[Result "1-0"]
[WhiteElo "2567"]
[BlackElo "2479"]
[PlyCount "29"]
[EventDate "2008.04.12"]
[EventType "k.o. (blitz)"]
[EventCountry "GER"]

1. e4 e6 2. d4 d5 3. Nc3 dxe4 4. Nxe4 Nd7 5. Nf3 Ngf6 6. Nxf6+ Nxf6 7. g3 b6 8.
Ne5 Qd5 9. f3 Bb7 10. Bc4 Qa5+ 11. Bd2 Bb4 12. c3 Bd6 13. b4 Qa3 14. Bb5+ Ke7
15. Nc4 1-0

[Event "246th Championchallenge"]
[Site "playchess.com "]
[Date "2008.04.12"]
[Round "1.1"]
[White "Sumets, Andrey"]
[Black "Van Cappellen, Jonas"]
[Result "1/2-1/2"]
[WhiteElo "2604"]
[BlackElo "2303"]
[PlyCount "41"]
[EventDate "2008.04.12"]
[EventType "k.o. (blitz)"]
[EventCountry "GER"]

1. d4 d5 2. c4 c6 3. Nf3 Nf6 4. Nc3 e6 5. e3 Nbd7 6. Qc2 Bd6 7. Bd3 O-O 8. O-O
b6 9. e4 dxe4 10. Nxe4 Be7 11. Bg5 h6 12. Bxf6 Nxf6 13. Rad1 Bb7 14. Qe2 Qc7
15. Nxf6+ Bxf6 16. Qe4 g6 17. Qg4 Rad8 18. h4 h5 19. Qh3 c5 20. dxc5 Qxc5 21.
b3 1/2-1/2

[Event "246th Championchallenge"]
[Site "playchess.com "]
[Date "2008.04.12"]
[Round "1.1"]
[White "Trushelyov, Victor"]
[Black "Raznikov, Danny"]
[Result "1-0"]
[WhiteElo "2396"]
[BlackElo "2456"]
[PlyCount "79"]
[EventDate "2008.04.12"]
[EventType "k.o. (blitz)"]
[EventCountry "GER"]

1. e4 c5 2. Nf3 d6 3. d3 Nf6 4. Nbd2 g6 5. g3 Bg7 6. Bg2 O-O 7. O-O Nc6 8. Re1
Bg4 9. h3 Bxf3 10. Nxf3 Nd7 11. c3 Rb8 12. a4 a6 13. Be3 b5 14. axb5 axb5 15.
d4 cxd4 16. cxd4 Nb6 17. b3 d5 18. e5 Ra8 19. Qd2 Qd7 20. Bf1 Na7 21. Ra6 Qb7
22. Rea1 Rfc8 23. Qa5 Nc6 24. Rxb6 Rxa5 25. Rxb7 Rxa1 26. Kg2 b4 27. Bb5 Na5
28. Rxe7 Nxb3 29. e6 fxe6 30. Bd7 Rf8 31. Bxe6+ Kh8 32. Ng5 Raa8 33. Bxd5 h6
34. Nf7+ Rxf7 35. Rxf7 Ra3 36. Rb7 Nxd4 37. Rb8+ Kh7 38. Bxd4 Bxd4 39. Rxb4 Rc3
40. Rxd4 1-0

[Event "246th Championchallenge"]
[Site "playchess.com "]
[Date "2008.04.12"]
[Round "1.2"]
[White "Van Cappellen, Jonas"]
[Black "Sumets, Andrey"]
[Result "0-1"]
[WhiteElo "2319"]
[BlackElo "2604"]
[PlyCount "40"]
[EventDate "2008.04.12"]
[EventType "k.o. (blitz)"]
[EventCountry "GER"]

1. e4 e6 2. d4 d5 3. Nc3 Nf6 4. Bg5 dxe4 5. Nxe4 Nbd7 6. Bxf6 Nxf6 7. Bd3 Nxe4
8. Bxe4 c5 9. dxc5 Bxc5 10. Qxd8+ Kxd8 11. O-O-O+ Ke7 12. f3 f5 13. Bd3 Rd8 14.
Ne2 e5 15. Rhe1 Be6 16. Kb1 Kf6 17. h3 Rd6 18. g4 g6 19. c3 Rad8 20. Ng3 Rxd3
0-1

[Event "246th Championchallenge"]
[Site "playchess.com "]
[Date "2008.04.12"]
[Round "1.3"]
[White "Sumets, Andrey"]
[Black "Van Cappellen, Jonas"]
[Result "0-1"]
[WhiteElo "2604"]
[BlackElo "2318"]
[PlyCount "74"]
[EventDate "2008.04.12"]
[EventType "k.o. (blitz)"]
[EventCountry "GER"]

1. d4 d5 2. c4 c6 3. cxd5 cxd5 4. Nf3 Nc6 5. Nc3 Nf6 6. Bf4 a6 7. Rc1 e6 8. e3
Bd6 9. Bg3 O-O 10. Bd3 b5 11. Ne5 Na5 12. O-O Bb7 13. Bh4 Nc4 14. Bxc4 dxc4 15.
a4 Be7 16. axb5 axb5 17. Qe2 Nd5 18. Bxe7 Nxe7 19. Rfd1 Re8 20. e4 Qb6 21. Nd7
Qc6 22. Nc5 Red8 23. f3 Ng6 24. Qe3 b4 25. Ne2 Ra2 26. Rd2 Ba6 27. Nxa6 Qxa6
28. Rdc2 b3 29. Rxc4 Rxb2 30. Ng3 Qa2 31. Rc8 Rxg2+ 32. Kf1 Rf8 33. d5 b2 34.
Rxf8+ Nxf8 35. Re1 Rxh2 36. Kg1 b1=Q 37. Rxb1 Qg2# 0-1